Если вы едете работать или учиться в англоязычную страну (Запись № 10789888)

Подробности
000 -МАРКЕР
контрольное поле 01702nam0a2200337 4500
001 - ИДЕНТИФИКАТОР ЗАПИСИ
контрольное поле RU\NLR\BIBL_A\010956267
005 - ИДЕНТИФИКАТОР ВЕРСИИ
контрольное поле 20260405073340.0
010 ## - МЕЖДУНАРОДНЫЙ СТАНДАРТНЫЙ НОМЕР КНИГИ (ISBN)
Номер (ISBN) 5-87472-064-2
Тираж 15000
035 ## - ДРУГИЕ СИСТЕМНЫЕ НОМЕРА
Идентификатор записи (NLR Aleph) 010956267
100 ## - ДАННЫЕ ОБЩЕЙ ОБРАБОТКИ
Данные общей обработки 20160122d1992 |||y0rusy50 ca
101 0# - ЯЗЫК РЕСУРСА
Язык текста, звукозаписи и т.д. русский
-- английский
102 ## - СТРАНА ПУБЛИКАЦИИ ИЛИ ПРОИЗВОДСТВА
Страна публикации Российская Федерация
105 ## - ПОЛЕ КОДИРОВАННЫХ ДАННЫХ: ТЕКСТОВЫЕ МАТЕРИАЛЫ, МОНОГРАФИЧЕСКИЕ
Кодированные данные о монографическом текстовом документе a|||z|||000yy
200 1# - ЗАГЛАВИЕ И СВЕДЕНИЯ ОБ ОТВЕТСТВЕННОСТИ
Основное заглавие Если вы едете работать или учиться в англоязычную страну
Первые сведения об ответственности К.А. Иванова, Т.Р. Хассалл, В.Д. Байков
210 ## - ПУБЛИКАЦИЯ, РАСПРОСТРАНЕНИЕ И ДР.
Место издания, распространения и т.д. Санкт-Петербург
Имя издателя, распространителя и т. д. ИЧП "Алексанр Принт"
Дата издания, распространения и т.д. 1992
215 ## - ФИЗИЧЕСКАЯ ХАРАКТЕРИСТИКА
Специфическое обозначение материала и объем 155, [1] с.
Другие сведения о физической характеристике цв. ил.
Размеры 17
300 ## - ОБЩИЕ ПРИМЕЧАНИЯ
Текст примечания Загл. и авт. также на англ. яз.: English for academic visitors / K.A. Ivanova, T.R.C. Hassall, V.D. Baykov
300 ## - ОБЩИЕ ПРИМЕЧАНИЯ
Текст примечания На обл. авт. не указаны
300 ## - ОБЩИЕ ПРИМЕЧАНИЯ
Текст примечания Изд. за счет средств АО ИЛИП
517 1# - ДРУГИЕ ВАРИАНТЫ ЗАГЛАВИЯ
Связь между полями z44790
Вариант заглавия English for academic visitors
Язык заглавия английский
606 1# - НАИМЕНОВАНИЕ ТЕМЫ КАК ПРЕДМЕТ
Наименование темы Английский язык
Формальный подзаголовок Учебные издания
Тематический подзаголовок Разговорная речь
Системный номер авторитетной/нормативной записи 972088
Идентификатор авторитетной/нормативной записи RU\NLR\AUTH\6645917
686 1# - ИНДЕКСЫ ДРУГИХ КЛАССИФИКАЦИЙ
Индекс Ш143.21-93рус-6
700 #1 - ИМЯ ЛИЦА - ПЕРВИЧНАЯ ОТВЕТСТВЕННОСТЬ
Графика поля Кириллица
Материалы, к которым относится поле rus
Начальный элемент ввода Иванова
Часть имени, кроме начального элемента ввода К. А.
Дополнения к именам, кроме дат канд. филол. наук
Расширение инициалов личного имени Кира Алексеевна
Системный номер авторитетной/нормативной записи 1202
Идентификатор авторитетной/нормативной записи RU\NLR\AUTH\7718119
701 #1 - ИМЯ ЛИЦА - АЛЬТЕРНАТИВНАЯ ОТВЕТСТВЕННОСТЬ
Начальный элемент ввода Хассалл
Часть имени, кроме начального элемента ввода Т. Р. К.
702 #1 - ИМЯ ЛИЦА - ВТОРИЧНАЯ ОТВЕТСТВЕННОСТЬ
Графика поля Кириллица
Материалы, к которым относится поле rus
Начальный элемент ввода Байков
Часть имени, кроме начального элемента ввода В. Д.
Расширение инициалов личного имени Владимир Дмитриевич
Системный номер авторитетной/нормативной записи 8625
Идентификатор авторитетной/нормативной записи RU\NLR\AUTH\7725578
790 #1 - ИМЯ ЛИЦА - АЛЬТЕРНАТИВНАЯ ФОРМА
Графика поля Латинская
Материалы, к которым относится поле eng
Начальный элемент ввода Ivanova
Часть имени, кроме начального элемента ввода K. A.
Дополнения к именам, кроме дат канд. филол. наук
Расширение инициалов личного имени Kira Alekseevna
Системный номер авторитетной/нормативной записи 1203
Идентификатор авторитетной/нормативной записи RU\NLR\AUTH\7718120
942 ## - ДОПОЛНИТЕЛЬНЫЕ ЭЛЕМЕНТЫ ЗАПИСИ (АБИС)
Тип экземпляра АБИС Книга
980 ## - КОЛЛЕКЦИЯ
Название коллекции Национальная библиография
Экземпляры
Тип экземпляра Дата поступления Источник поступления Стоимость Библиотека постоянного хранения Библиотека текущего хранения Место хранения Шифр хранения Штрих-код Статус экземпляра
Книга 22.01.2016 Подсобные фонды РНБ 100.00 РНБ (Московский) РНБ (Московский) Русский книжный фонд: издания с 1957 года 2016-2/243 1-1167915